| 000 | 00437nam a2200181Ia 4500 | ||
|---|---|---|---|
| 001 | 16671 | ||
| 005 | 20260306170327.0 | ||
| 008 | 260306t2011||||xx |||||||||||||| ||und|| | ||
| 041 | _aESP | ||
| 082 |
_a349.1 _bF41A |
||
| 100 |
_aFernández de Buján, Antonio _eAUT |
||
| 245 | 0 | _aFundamentos de derecho romano | |
| 260 | _c2011 | ||
| 300 |
_a453 páginas : _c30 cm. |
||
| 650 | _aGEN | ||
| 654 | _aCDE | ||
| 942 |
_cLIB _dJUS _fJUS _2ddc _n |
||
| 999 |
_c16671 _d16671 |
||